000 00324nam a22001457a 4500
008 221024b ||||| |||| 00| 0 eng d
020 _a9781578011124
041 _aeng
080 _a610.73
082 _a610.73 STO
100 _a8
101 _aINF
245 _aWOUND MANAGEMENT AND HEALING
_cSTOIA J
942 _2udc
_cBK
999 _c58663
_d58663